The Western island : the Great Blasket

Αποθηκεύτηκε σε:
Λεπτομέρειες βιβλιογραφικής εγγραφής
Κύριος συγγραφέας: Flower, Robin 1881-1946
Μορφή: Βιβλίο
Γλώσσα:English
Δημοσίευση: Oxford : Oxford University Press, c1992
Σειρά:Oxford paperbacks
Θέματα:
Ετικέτες: Προσθήκη ετικέτας
Δεν υπάρχουν, Καταχωρήστε ετικέτα πρώτοι!

MARC

LEADER 00000nam a2200000 i 4500
001 1/70515
008 990225s1992 eng d
020 |a 0-19-281234-3 
035 |l 10048120 
040 |a GR-MY-UA  |b gre  |e aacr 
041 0 |a eng 
082 0 |a 914.196 
100 1 |a Flower, Robin  |d 1881-1946. 
245 1 4 |a The Western island :  |b the Great Blasket /  |c by Robin Flower, with illustrations by Ida M. Flower 
260 |a Oxford :   |b Oxford University Press,   |c c1992 
300 |a 141 p. 
490 1 |a Oxford paperbacks 
651 0 |a Blasket Islands (Ireland) 
830 0 |a Oxford paperbacks 
852 |a INST  |b LESVOS  |e 19990225  |h 914.196 FLO  |p 005100016808  |q 005100016808  |t BK  |y 0 
901 |a BIBL-1999-1 
909 |a Λ  |b 061362 
922 |a 1ΕΛΗ  |b 199811  |c ΚΠΣ/ΤΚ  |d ΠΑΠΑΣΩΤΗΡΙΟΥ 
950 |a 103-1998-07-27